Torschützenkönige in der Geschichte von Borussia Mönchengladbach - Statistiken

Allgemein
  • Dieses Quiz wurde 66 mal gespielt
  • Das Durchschnittsergebnis liegt bei 4 aus 10
Antwortstatistiken
Tore Nationalität Spieler % Korrekt
298 Deutschland Jupp Heynckes
93%
137 Deutschland Günter Netzer
70%
117 Dänemark Allan Simonsen
54%
113 Deutschland Uwe Rahn
33%
141 Deutschland Herbert Laumen
31%
117 Deutschland Hans-Jörg Criens
28%
86 Deutschland Frank Mill
20%
85 Deutschland Hans-Günter Bruns
13%
100 Deutschland Bernd Rupp
7%
88 Deutschland Ulrich Kohn
0%
Keine übereinstimmenden Quizze gefunden
Verteilung der Resultate
Anzahl Personen mit jedem Resultat
Perzentil nach korrekt beantworteten Fragen
Ihre Resultats-Entwicklung
Sie haben dieses Quiz noch nicht gespielt